| 000 | 00905nam a22002177a 4500 | ||
|---|---|---|---|
| 999 |
_c3170 _d3170 |
||
| 003 | AR-CdUCM | ||
| 008 | 190306b ||||| |||| 00| 0 spa d | ||
| 040 |
_aMUNICIPALIDAD PROVINCIAL DEL CUSCO _cBIBLIOTECA MUNICIPAL DEL CUSCO |
||
| 082 |
_a306.44/ _bC74 |
||
| 100 |
_aConcha Florez, Humberto _910666 |
||
| 245 | _aOrigenes encontrados del parentesco etno-histórico genético osteologico-lingüístico del Japonés-Quechua-Aymara / | ||
| 260 |
_aQosqo : _bRauber printing import, _c2002. |
||
| 300 |
_a283 paginas ; _bfotografías, _c21 cm. |
||
| 505 | _aSímil de los colores de las banderas peruano-japones -- La bandera del qosqo -- Emblemas patrios- primera evidencia coincidente oficial ... | ||
| 650 |
_aOrígenes etno-históricos _910667 |
||
| 650 |
_aLingüístico _910668 |
||
| 650 |
_aGenético-Osteologico _910669 |
||
| 650 |
_aQuechua-Japones _910670 |
||
| 942 |
_2ddc _cLIBROS |
||
| 945 | _aacv | ||